00435nam a2200121Ia 4500008004100000245017200041260001700213260000900230300000900239650002300248650001200271856003000283170516s9999 xx 000 0 und d aRapid and Quantitative Detection of Zoonotic Influenza A Virus Infection Utilizing Coumarin-derived dendrimer-based Fluorescent Immunochromatographic Strip Test (FICT) bTheranostics c2014 a4:12 xMedical Technology xMedtech uhttp://www.thno.org/v4i12